|
|
|
|
| LEADER |
01472nam a2200277 a 4500 |
| 001 |
GR-Patra36858 |
| 008 |
070430s2002 gr e b 001 b gre d |
| 020 |
|
|
|a 9603990817
|q (χαρτόδ.)
|
| 082 |
|
0 |
|a 617.51
|2 23
|
| 100 |
1 |
|
|a Αδαμόπουλος, Γεώργιος,
|d 1904-
|
| 245 |
1 |
0 |
|a Ερωτήσεις πολλαπλής επιλογής :
|b ωτορινολαρυγγολογίας, χειρουργικής κεφαλής & τραχήλου /
|c Γεώργιος Κ. Αδαμόπουλος, Δρ. Αθανάσιος Θεοδωρόπουλος.
|
| 260 |
|
|
|a Αθήνα :
|b Π. Σ. Πασχαλίδης,
|c [2002]
|
| 300 |
|
|
|a 584 σ. ;
|c 21 εκ.
|
| 504 |
|
|
|a Περιλαμβάνει βιβλιογραφικές παραπομπές (σ. 583-584).
|
| 650 |
|
0 |
|a Head
|x Surgery
|
| 650 |
|
0 |
|a Head
|x Surgery
|x Examinations, questions, etc.
|
| 650 |
|
0 |
|a Neck
|x Surgery
|x Examinations, questions, etc.
|
| 650 |
|
0 |
|a Otolaryngology
|
| 650 |
|
0 |
|a Otolaryngology
|x Examinations, questions, etc.
|
| 650 |
|
4 |
|a ΩΤΟΡΙΝΟΛΑΡΥΓΓΟΛΟΓΙΑ
|
| 700 |
1 |
|
|a Θεοδωρόπουλος, Αθανάσιος
|
| 710 |
0 |
|
|a Ιατρικές εκδόσεις Π. Χ. Πασχαλίδης
|
| 942 |
|
|
|2 ddc
|
| 952 |
|
|
|0 0
|1 0
|2 ddc
|4 0
|6 617_510000000000000_ΑΔΑ
|7 1
|9 317095
|a LISK
|b LISK
|c BSC
|d 2021-01-17
|e 24
|f 0
|g 0.00
|l 0
|o 617.51 ΑΔΑ
|p 92410059638
|r 2021-01-17 00:00:00
|t 1
|w 2021-01-17
|y BKN
|x 20140704 0 0
|x GrPaTEI
|
| 971 |
|
|
|a .b26844308
|b 16-04-20
|c 27-09-16
|
| 999 |
|
|
|c 180486
|d 180486
|